| 000 | 01864nam a2200253Ia 4500 | ||
|---|---|---|---|
| 008 | 260220t1961||||xx |||||||||||||| ||spa|| | ||
| 040 |
_aPY-SlUNAC _bspa _erda |
||
| 041 | _aspa | ||
| 082 |
_a512.15 _bF798a |
||
| 100 |
_aFossi Gutierrez, Ignacio _eAutor |
||
| 245 | 0 |
_aAlgebra superior y elementos de cálculo infinitesimal / _cpor Ignacio Fossi Gutierrez [Autor] |
|
| 250 | _aCuarta edición | ||
| 264 |
_aMadrid : _bDossat, _c℗1961. |
||
| 300 | _a306 páginas | ||
| 520 | _aEl libro "Álgebra superior y elementos de cálculo infinitesimal" de Ignacio Fossi Gutierrez ofrece una exhaustiva exploración de conceptos avanzados en álgebra y cálculo, orientados a estudiantes de matemáticas y disciplinas afines. A lo largo de sus capítulos, el autor aborda temas fundamentales como las estructuras algebraicas, funciones, límites y derivadas, proporcionando ejemplos claros y ejercicios prácticos que facilitan la comprensión. La obra se distingue por su enfoque riguroso y metódico, lo que permite a los lectores no solo asimilar las técnicas necesarias para resolver problemas complejos, sino también desarrollar un pensamiento crítico y analítico. Además, Fossi Gutierrez incluye aplicaciones que conectan la teoría matemática con situaciones reales, favoreciendo así una formación integral. La combinación de teoría y práctica en este texto lo convierte en una referencia valiosa para quienes buscan profundizar en el álgebra superior y el cálculo infinitesimal, sentando las bases para estudios futuros en matemáticas avanzadas y sus aplicaciones en diversas áreas científicas. | ||
| 653 | _aÁlgebra | ||
| 653 | _aCálculo | ||
| 653 | _aMatemáticas | ||
| 942 |
_b2026/02/17 _cBK |
||
| 999 |
_c7461 _d7461 |
||